000 00452cam a2200169 4500
001 D15134
008 090401t1968 xxu||||| |||| 00| 0 eng d
035 _a(Sirsi) u20438
041 _aeng
110 _aRoyal Institution of Chartered Surveyors
_94900
245 _aBuilding surveying syllabus: Intermediate and final examinations
260 _bRICS
_c1968
350 _a0
520 _aFiled in box 1968/37 AB
942 _n0
948 _c04/03/1997
999 _c87818
_d87818